Nr. 1 Hits in den USA 2005 - Statistiken

Allgemein
  • Dieses Quiz wurde 30 mal gespielt
  • Das Durchschnittsergebnis liegt bei 4 aus 7
Antwortstatistiken
Wochen auf Platz 1 Lied Interpret % Korrekt
9 Wochen Candy Shop 50 Cent feat. Olivia
100%
4 Wochen Hollaback Girl Gwen Stefani
83%
10 Wochen Gold Digger Kanye West feat. Jamie Foxx
62%
14 Wochen We Belong Together Mariah Carey
45%
9 Wochen Let Me Love You Mario
45%
5 Wochen Run It! Chris Brown
28%
1 Woche Inside Your Heaven Carrie Underwood
7%
Keine übereinstimmenden Quizze gefunden
Verteilung der Resultate
Anzahl Personen mit jedem Resultat
Perzentil nach korrekt beantworteten Fragen
Ihre Resultats-Entwicklung
Sie haben dieses Quiz noch nicht gespielt